Both human and humane : (Record no. 33977)
[ view plain ]
| 000 -LEADER | |
|---|---|
| fixed length control field | 01255nam a22003012a 4500 |
| 001 - CONTROL NUMBER | |
| control field | 33977 |
| 003 - CONTROL NUMBER IDENTIFIER | |
| rucl marc code | BD-RjUL |
| 005 - DATE AND TIME OF LATEST TRANSACTION | |
| control field | 20211209052104.0 |
| 008 - FIXED-LENGTH DATA ELEMENTS--GENERAL INFORMATION | |
| fixed length control field | 140512s1960 pau b 000 0 eng d |
| 035 ## - SYSTEM CONTROL NUMBER | |
| System control number | (BD-RjUL)34069 |
| 040 ## - CATALOGING SOURCE | |
| Original cataloging agency | DLC |
| Transcribing agency | CCL |
| Modifying agency | BD-RjUL |
| Language of cataloging | eng |
| 041 ## - LANGUAGE CODE | |
| Language code of text/sound track or separate title | eng |
| 082 ## - DEWEY DECIMAL CLASSIFICATION NUMBER | |
| Classification number | 307 |
| Author mark and year | BOT 1960 |
| 110 2# - MAIN ENTRY--CORPORATE NAME | |
| Corporate name or jurisdiction name as entry element | University of Pennsylvania. |
| Subordinate unit | Graduate School of Arts and Sciences. |
| 9 (RLIN) | 103274 |
| 245 10 - TITLE STATEMENT | |
| Title | Both human and humane : |
| Remainder of title | the humanities and social sciences in graduate education / |
| Statement of responsibility, etc. | [by] John P. Gillin [and others] Edited by Charles E. Boewe and Roy F. Nichols |
| 260 ## - PUBLICATION, DISTRIBUTION, ETC. (IMPRINT) | |
| Place of publication, distribution, etc. | Philadelphia : |
| Name of publisher, distributor, etc. | University of Pennsylvania, |
| Date of publication, distribution, etc. | 1960 |
| 300 ## - PHYSICAL DESCRIPTION | |
| Pagination | 224 p. ; |
| Size | 22 cm |
| 500 ## - GENERAL NOTE | |
| General note | Papers read at the sessions in 1958 of one of a series of conferences celebrating the 75th Anniversary of the Graduate School of the University of Pennsylvania |
| 504 ## - BIBLIOGRAPHY, ETC. NOTE | |
| Bibliography, etc | Bibliographical footnotes |
| 650 #0 - SUBJECT ADDED ENTRY--TOPICAL TERM | |
| Topical term or geographic name as entry element | Social sciences |
| General subdivision | Study and teaching |
| 9 (RLIN) | 16681 |
| Topical term or geographic name as entry element | Humanities |
| General subdivision | Study and teaching |
| 9 (RLIN) | 9587 |
| 700 1# - ADDED ENTRY--PERSONAL NAME | |
| Personal name | Gillin, John P. |
| Fuller form of name | (John Philip), |
| Dates associated with a name | 1907-1973 |
| Personal name | Boewe, Charles E., |
| Dates associated with a name | 1924- |
| Personal name | Nichols, Roy F. |
| Fuller form of name | (Roy Franklin), |
| Dates associated with a name | 1896-1973 |
| 942 ## - ADDED ENTRY ELEMENTS (KOHA) | |
| Source of classification or shelving scheme | Dewey Decimal Classification |
| Koha item type | Books |
| Lost status | Source of classification or shelving scheme | Damaged status | Not for loan | Collection code | Permanent Location | Current Location | Shelving location | Date acquired | Source of acquisition | Cost, normal purchase price | Total Checkouts | Full call number | Date last seen | Copy number | Koha item type |
|---|---|---|---|---|---|---|---|---|---|---|---|---|---|---|---|
| Dewey Decimal Classification | Not For Loan | Non-fiction | Central Library, University of Rajshahi | Central Library, University of Rajshahi | Reading Room | 23/09/1970 | Zitlinger | 4.50 | 307 BOT 1960 | 12/05/2014 | C-1 | Books |